LIBRARY & INFORMATION CENTRE, KCAET, TAVANUR

ONLINE PUBLIC ACCESS CATALOGUE (OPAC)

Assessment of Lateral flow and base flow for effective interventions in water conservation (Record no. 17451)

MARC details
000 -LEADER
fixed length control field 00436nam a22001457a 4500
003 - CONTROL NUMBER IDENTIFIER
control field OSt
082 ## - DEWEY DECIMAL CLASSIFICATION NUMBER
Classification number 631.45
Item number JOY/AS
088 ## - REPORT NUMBER
Report number T 522
100 ## - MAIN ENTRY--AUTHOR NAME
Personal name Jyothy Narayanan
245 ## - TITLE STATEMENT
Title Assessment of Lateral flow and base flow for effective interventions in water conservation
260 ## - PUBLICATION, DISTRIBUTION, ETC. (IMPRINT)
Place of publication KCAET
Name of publisher Department of Soil and Water Conservation Engineering
Year of publication 2021
300 ## - PHYSICAL DESCRIPTION
Number of Pages 147 Pages
700 ## - ADDED ENTRY--PERSONAL NAME
Personal name sathian(Guide )
942 ## - ADDED ENTRY ELEMENTS (KOHA)
Koha item type Theses
Holdings
Collection code Home library Current library Shelving location Full call number Accession Number Koha item type Public note
Reference KAUAET KAUAET Reference 631.45 JOY/AS T 522 Theses PhD Thesis
free website counter